Knowledge management in theory and practice (Record no. 209251)
[ view plain ]
| 000 -LEADER | |
|---|---|
| fixed length control field | 01073 a2200289 4500 |
| 003 - CONTROL NUMBER IDENTIFIER | |
| control field | Nust |
| 005 - DATE AND TIME OF LATEST TRANSACTION | |
| control field | 20170207164545.0 |
| 020 ## - INTERNATIONAL STANDARD BOOK NUMBER | |
| International Standard Book Number | 0080547362 |
| 020 ## - INTERNATIONAL STANDARD BOOK NUMBER | |
| International Standard Book Number | 0080547362 |
| 020 ## - INTERNATIONAL STANDARD BOOK NUMBER | |
| International Standard Book Number | 0080547362 (electronic bk.) |
| 020 ## - INTERNATIONAL STANDARD BOOK NUMBER | |
| International Standard Book Number | 9780080547367 (electronic bk.) |
| 035 ## - SYSTEM CONTROL NUMBER | |
| System control number | (OCoLC)228029419 |
| 035 ## - SYSTEM CONTROL NUMBER | |
| System control number | (OCoLC)ocn228029419 |
| 040 ## - CATALOGING SOURCE | |
| Transcribing agency | Nust |
| 082 04 - DEWEY DECIMAL CLASSIFICATION NUMBER | |
| Classification number | 658.4/038 |
| 100 1# - MAIN ENTRY--PERSONAL NAME | |
| Personal name | Dalkir, Kimiz |
| 245 10 - TITLE STATEMENT | |
| Title | Knowledge management in theory and practice |
| Medium | [Elektronisk resurs] / |
| Statement of responsibility, etc. | Kimiz Dalkir. |
| 256 ## - COMPUTER FILE CHARACTERISTICS | |
| Computer file characteristics | Text |
| 260 ## - PUBLICATION, DISTRIBUTION, ETC. | |
| Place of publication, distribution, etc. | Amsterdam ; |
| -- | Boston : |
| Name of publisher, distributor, etc. | Elsevier/Butterworth Heinemann, |
| Date of publication, distribution, etc. | c2005. |
| 300 ## - PHYSICAL DESCRIPTION | |
| Extent | PDF (xv, 356 p. : |
| Other physical details | col. ill.) |
| 500 ## - GENERAL NOTE | |
| General note | E-book |
| 650 #0 - SUBJECT ADDED ENTRY--TOPICAL TERM | |
| Topical term or geographic name entry element | Knowledge management. |
| 655 #7 - INDEX TERM--GENRE/FORM | |
| Genre/form data or focus term | Electronic books. |
| 856 40 - ELECTRONIC LOCATION AND ACCESS | |
| Uniform Resource Identifier | <a href="http://login.ep.bib.mdh.se/login?url=http://www.dawsonera.com/depp/reader/protected/external/AbstractView/S9780080547367">http://login.ep.bib.mdh.se/login?url=http://www.dawsonera.com/depp/reader/protected/external/AbstractView/S9780080547367</a> |
| 856 40 - ELECTRONIC LOCATION AND ACCESS | |
| Uniform Resource Identifier | <a href="http://proxy.lib.ltu.se/login?url=http://site.ebrary.com/lib/lulea/Top?layout=document&id=10226635">http://proxy.lib.ltu.se/login?url=http://site.ebrary.com/lib/lulea/Top?layout=document&id=10226635</a> |
| 856 40 - ELECTRONIC LOCATION AND ACCESS | |
| Uniform Resource Identifier | <a href="http://www.LUND.eblib.com/EBLWeb/patron?target=patron&extendedid=P_334026_0&">http://www.LUND.eblib.com/EBLWeb/patron?target=patron&extendedid=P_334026_0&</a> |
| 942 ## - ADDED ENTRY ELEMENTS (KOHA) | |
| Source of classification or shelving scheme | |
| Koha item type | Book |
| Withdrawn status | Lost status | Source of classification or shelving scheme | Damaged status | Not for loan | Collection code | Permanent Location | Current Location | Date acquired | Total Checkouts | Full call number | Barcode | Date last seen | Price effective from | Koha item type |
|---|---|---|---|---|---|---|---|---|---|---|---|---|---|---|
| Military College of Signals (MCS) | Military College of Signals (MCS) | 12/12/2016 | 658.4 | MCSEB-1089 | 12/08/2016 | 12/12/2016 | Book |
